Statistics for People from the Time before Christ - Picture Quiz

Click here to take the quiz!

General Stats

  • This quiz has been taken 46 times
  • The average score is 13 of 21

Answer Stats

Answer% Correct
Cleopatra
95%
Julius Caesar
93%
Moses
93%
Buddha
90%
Noah
88%
Romulus and Remus
88%
Tutankhamun
88%
Socrates
85%
King David
85%
Aristotle
78%
Confucius
70%
Ramses II
63%
Achilles
58%
Homer
55%
Odysseus
50%
Leonidas I
33%
Qin Shi Huang
25%
Ötzi
23%
Cicero
20%
Sappho
18%
Pericles
15%

Score Distribution

Percentile by Number Answered

Percent of People with Each Score

Your Score History

You have not taken this quiz